Law relating weights & measures (Record no. 5639)

MARC details
000 -LEADER
fixed length control field 00414nam a2200157Ia 4500
003 - CONTROL NUMBER IDENTIFIER
control field SGT
082 ## - DEWEY DECIMAL CLASSIFICATION NUMBER
Classification number 343.41075
Item number MAL
100 ## - MAIN ENTRY--PERSONAL NAME
Personal name Malik,P.L
245 ## - TITLE STATEMENT
Title Law relating weights & measures
250 ## - EDITION STATEMENT
Edition statement 8th Ed.
260 ## - PUBLICATION, DISTRIBUTION, ETC. (IMPRINT)
Name of publisher, distributor, etc Eastern Book Company
Place of publication, distribution, etc Lucknow
Year of Publication 1999
300 ## - PAGE DESCRIPTION
No. of Pages 338p.
650 ## - SUBJECT ADDED ENTRY--TOPICAL TERM
Topical term or geographic name as entry element MILITARY DEFENSE PUBLIC PROPERTIES LAW
653 ## - KEYWORDS--INDEX TERM
Keyword term THE STANDARDS OF WEIGHTS AND MEASURES ACT,1976
942 ## - ADDED ENTRY ELEMENTS (KOHA)
Source of classification or shelving scheme Dewey Decimal Classification
Koha item type Books
Holdings
Withdrawn status Lost status Source of classification or shelving scheme Damaged status Use restrictions Not for loan Collection code Home library Current library Shelving location Date acquired Vendor Name SGTU Full call number Accession No. (Barcode) Date last seen Bill Date Koha item type
    Dewey Decimal Classification   Restricted Access Not For Loan ENGINEERING SGT Engineering Library SGT Engineering Library Reference Book 17/09/2013 GIFTED SGTU 343.41075 MAL FE6193 09/02/2015 09/02/2015 Books